Loading...
| Current Events | 1 | 20.00 | 100% | 100% | 0% |
| Fine Arts - Auditory | 4 | 5.00 | 75% | 0% | 0% |
| Fine Arts - Other | 5 | 12.00 | 100% | 20% | 0% |
| Fine Arts - Visual | 5 | 2.00 | 20% | 0% | 0% |
| Geography | 6 | 13.33 | 83% | 33% | 17% |
| History - American | 5 | 14.00 | 60% | 80% | 0% |
| History - Ancient | 1 | 20.00 | 100% | 100% | 0% |
| History - Ancient/Other | 4 | 12.50 | 100% | 0% | 25% |
| History - European | 1 | 20.00 | 100% | 100% | 0% |
| History - World | 2 | 20.00 | 100% | 100% | 0% |
| Literature - American | 4 | 5.00 | 50% | 0% | 0% |
| Literature - British | 7 | 11.43 | 100% | 0% | 14% |
| Literature - European | 2 | 10.00 | 100% | 0% | 0% |
| Literature - World | 3 | 13.33 | 67% | 67% | 0% |
| Mythology | 3 | 16.67 | 100% | 67% | 0% |
| Other Academic | 4 | 25.00 | 100% | 50% | 100% |
| Philosophy | 3 | 13.33 | 67% | 67% | 0% |
| Religion | 2 | 20.00 | 100% | 100% | 0% |
| Science - Biology | 4 | 12.50 | 100% | 25% | 0% |
| Science - Chemistry | 4 | 7.50 | 75% | 0% | 0% |
| Science - Other | 6 | 13.33 | 100% | 33% | 0% |
| Science - Physics | 4 | 17.50 | 100% | 50% | 25% |
| Social Science | 5 | 10.00 | 80% | 20% | 0% |